000 00865nam a2200265 a 4500
001 19223
003 BD-RjUL
005 20211209000413.0
008 140223s1966 ilu b 000 0 eng d
035 _a(BD-RjUL)
035 _a(BD-RjUL)19281
040 _aVU
_beng
_cVU
_dABN-SNR
_dBD-RjUL
041 _aeng
082 0 4 _a658
_219
_bCOP
100 1 _aCook, Paul W.
_q(Paul West)
_959152
245 1 0 _aProblems of corporate power /
_c Paul W. Cook and George von Peterffy.
260 _aHomewood, Ill. :
_bR.D. Irwin,
_c1966.
300 _aix, 371 p. ;
_c24 cm.
504 _aIncludes bibliographical references.
650 0 _aPublic relations
_xCorporations
_xCase studies.
_959153
650 0 _aIndustrial policy
_xCase studies.
_959154
650 0 _aIndustries
_xSocial aspects
_xCase studies.
_947680
700 1 _aPeterffy, George von.
_959155
942 _2ddc
_cBK
999 _c19223
_d19223